Celebrities name-dropped in Taylor Swift's Music - Statistics

General Stats
  • This quiz has been taken 24 times
    22 since last reset
  • The average score is 19 of 29
Answer Stats
Era Song Hints Answer % Correct
1 Tim McGraw Musician Tim McGraw
100%
26 Clara Bow Actress Clara Bow
88%
15 betty Celebrity's Children James Reynolds, Betty Reynolds, Inez Reynolds
88%
3 Dear John Musician John Mayer
88%
16 marjorie Opera Singer Marjorie Finlay
88%
4 22 Singer/Songwriter Taylor Swift
88%
28 Clara Bow Singer/Songwriter Taylor Swift
88%
17 no body, no crime (feat. HAIM) Musician Este Haim
81%
27 Clara Bow Musician Stevie Nicks
81%
6 Style Actor James Dean
75%
9 I Forgot That You Existed Musician Drake
69%
12 the last great american dynasty American socialite Rebekah Harkness
69%
14 the last great american dynasty Artist Salvador Dali
69%
10 London Boy Fashion Designer Stella McCartney
69%
13 the last great american dynasty Heir to "Standard Oil" William "Bill" Harkness
69%
24 The Tortured Poets Department Musician Charlie Puth
63%
20 The Tortured Poets Department Poet Dylan Thomas
63%
23 The Tortured Poets Department Musician Jack Antonoff
63%
5 Begin Again Musician James Taylor
63%
21 The Tortured Poets Department Poet Patti Smith
63%
29 The Black Dog Pop/Punk Band The Starting Line
63%
2 Fifteen Taylor's Best-friend Abigail Anderson
56%
8 ...Ready for It? Actor/Actress Richard Burton & Elizabeth Taylor
56%
25 Guilty As Sin? Scottish Band The Blue Nile
50%
19 You're on Your Own, Kid Writer Daisy May
44%
18 Snow On The Beach (feat. Lana Del Rey) Musician Janet Jackson
44%
22 The Tortured Poets Department Musician Lucy Dacus
44%
11 London Boy Musician Bruce Springsteen
38%
7 Bad Blood (feat. Kendrick Lamar) Rapper The D.O.C
13%
No matching quizzes found
Score Distribution
Percent of People with Each Score
Percentile by Number Answered
Your Score History
You have not taken this quiz since the last reset